书目信息 |
| 题名: |
地理学导论
|
|
| 作者: | 刘锡淮 编著 | |
| 分册: | ||
| 出版信息: | 石家庄 河北科学技术出版社 1993 |
|
| 页数: | 109页 | |
| 开本: | 20cm | |
| 丛书名: | ||
| 单 册: | ||
| 中图分类: | K90 | |
| 科图分类: | 57.1 | |
| 主题词: | 地理学 | |
| 电子资源: | ||
| ISBN: | 7-5375-1023-7 | |
| 000 | 00710nam0 2200241 45 | |
| 001 | 0194006563 | |
| 005 | 20070531174116.59 | |
| 010 | @a7-5375-1023-7@dCNY3.75 | |
| 100 | @a19940218d1993 em y0chiy0121 ea | |
| 101 | 0 | @achi |
| 102 | @aCN@b130000 | |
| 105 | @af z 000yy | |
| 200 | 10 | @a地理学导论@ADI LI XUE DAO LUN@f刘锡淮编著@Fliu xi huai bian zhu |
| 210 | @a石家庄@c河北科学技术出版社@d1993 | |
| 215 | @a109页@d20cm | |
| 330 | @a本书阐述了地理学的性质、对象、学科体系、理论学说、思想流派及现代地理学的未来趋势等。 | |
| 540 | 1 | @a地理@ADI LI |
| 606 | @a地理学 | |
| 690 | @aK90@v4 | |
| 692 | @a57.1 | |
| 701 | 0 | @a刘锡淮@Aliu xi huai@4编著 |
| 801 | 0 | @aCN@bTSSF@c20070531 |
| 905 | @a10447@dK90@e155 | |
| 地理学导论/刘锡淮编著.-石家庄:河北科学技术出版社,1993 |
| 109页;20cm |
| ISBN 7-5375-1023-7:CNY3.75 |
| 本书阐述了地理学的性质、对象、学科体系、理论学说、思想流派及现代地理学的未来趋势等。 |
| ● |
| 相关链接 |
|
|
|
|
正题名:地理学导论
索取号:K90/155
 
预约/预借
| 序号 | 登录号 | 条形码 | 馆藏地/架位号 | 状态 | 备注 |
| 1 | 0396968 | 203969688 | 第二样本阅览室/ [索取号:K90/155] | 在馆 | |
| 2 | 0396969 | 203969697 | 密集书库/ [索取号:K90/155] | 在馆 | |
| 3 | 0396970 | 203969704 | 密集书库/ [索取号:K90/155] | 在馆 | |
| 4 | 0396971 | 203969713 | 密集书库/ [索取号:K90/155] | 在馆 | |
| 5 | 0396972 | 203969722 | 密集书库/ [索取号:K90/155] | 在馆 |